Presidents with 6 letter last names - Statistics

General Stats
  • This quiz has been taken 99 times
  • The average score is 7 of 9
Answer Stats
Hint Answer % Correct
1977-1981 Jimmy Carter
90%
1981-1989 Ronald Reagan
87%
1913-1921 Woodrow Wilson
84%
1945-1953 Harry Truman
81%
1929-1933 Herbert Hoover
80%
1817-1825 James Monroe
78%
1849-1850 Zachary Taylor
73%
1853-1857 Franklin Pierce
59%
1881-1885 Chester A. Arthur
55%
No matching quizzes found
Score Distribution
Percent of People with Each Score
Percentile by Number Answered
Your Score History
You have not taken this quiz